Villes de Turquie - Map Quiz - Statistiques

Statistiques générales
  • Ce quiz a été pris 1 200 fois
  • Le résultat moyen est 6 sur 10
Réponses sur la Carte
Les réponses sont colorées sur une échelle allant du rouge au vert en fonction du pourcentage des utilisateurs qui les ont devinées à leur premier essai. Vous pouvez retrouver ces pourcentages ci-dessous.
 
Statistiques - réponses
Réponse % Correct
Istanbul
87%
Ankara
71%
Izmir
70%
Antalya
63%
Bursa
61%
Konya
50%
Kayseri
43%
Gaziantep
40%
Adana
37%
Mersin
31%
Aucun quiz correspondant
Distribution des résultats
% des personnes avec chaque résultat
Percentile par nombre de réponses
Votre historique - résultats
Vous n’avez pas pris ce quiz